LEADER 01660nam a2200301 a 4500 001 000000132920 003 CaOOAMICUS 005 20130220122712.0 008 130220s2013 vc afd u000 u ita r 020 $a978-88-209-8972-9 040 $aPUL$bita 082 04$a262.9092 110 2 $aFondazione Giovanni Paolo II.$bConvegno di studio$c(Lugano :$d2012).$0(OLS)http://pul/name/85660 245 10$aGiovanni Paolo II legislatore della Chiesa :$bfondamenti, innovazioni e aperture, atti del convegno di studio Lugano, 22-23 marzo 2012 /$ca cura di Libero Gerosa. 260 $aCittà del Vaticano :$bLibreria editrice vaticana,$c©2013. 300 $a286 p., [4] c. di tav. :$bill., grafici ;$c24 cm 500 $aIn testa al front.: Fondazione Giovanni Paolo II e Istituto DiReCom di Lugano. 600 04$aIohannes Paulus PP.$bII,$cs.,$d1920-2005$xDottrina.$0(OLS)http://pul/subject/22810 700 1 $aGerosa, Libero,$csacerdote,$d1949-$0(OLS)http://pul/name/2434 710 2 $aIstituto DiReCom di Lugano.$0(OLS)http://pul/name/85661 850 $aPUL 852 $aPUL$W1$xSL Diritto Canonico 3$y77$m262. 9092 GERLI 1$j152849$qDDC 21$q $B152303$CPULBib$Z2$F152303 $H121717 $81 941 1 $a9 996 $6020$a978-88-209-8972-9$9(OLS)http://pul/number/151925 996 $6082$a262.9092$9(OLS)http://pul/classification/2466 996 $6245$aGiovanni Paolo II legislatore della Chiesa :$bfondamenti, innovazioni e aperture, atti del convegno di studio Lugano, 22-23 marzo 2012$9(OLS)http://pul/title/167930 996 $6260$aCittà del Vaticano :$bLibreria editrice vaticana$9(OLS)http://pul/publisher/47920 LEADER 01395nam a2200313 a 4500 001 000000125560 003 CaOOAMICUS 005 20251016161121.0 008 110601s2011 it u000 u ita r 020 $a978-88-13-30865-0 040 $aPUL$bita 082 04$a346.45013 245 03$aLa valutazione delle capacità di agire /$ca cura di Angelo Bianchi, Pasquale Giuseppe Macrì. 260 $aPadova :$bCEDAM,$c2011. 300 $aXXII, 286 p. ;$c25 cm. 490 1 $aCollana di medicina legale e scienze affini ;$v08 504 $aInclude riferimenti bibliografici ed indice. 650 4$aMedicina legale.$0(OLS)http://pul/subject/14387 700 1 $aBianchi, Angelo,$d1955-$0(OLS)http://pul/name/114618 700 1 $aMacrì, Pasquale Giuseppe.$0(OLS)http://pul/name/79508 830 0$aCollana di medicina legale e scienze affini ;$v08.$0(OLS)http://pul/title/154680 850 $aPUL 852 $aPUL$W1$xSL Diritto e Scienze Sociali 3$y79$m346. 45013 BIAAN 1$j144629$qDDC 21$B143650$CPULBib$Z2$F143650 $H117328 $82 941 1 $a9 996 $6020$a978-88-13-30865-0$9(OLS)http://pul/number/147388 996 $6082$a346.45013$9(OLS)http://pul/classification/2029 996 $6245$aLa valutazione delle capacità di agire$9(OLS)http://pul/title/158330 996 $6260$aPadova :$bCEDAM$9(OLS)http://pul/publisher/48126